<?xml version="1.0" encoding="UTF-8"?>
<collection xmlns:xsi="http://www.w3.org/2001/XMLSchema-instance" xsi:schemaLocation="http://www.loc.gov/MARC21/slim http://www.loc.gov/standards/marcxml/schema/MARC21slim.xsd" xmlns="http://www.loc.gov/MARC21/slim">
 <record>
  <leader>00000cja a22000004a 4500</leader>
  <controlfield tag="001">UP-99796217608782338</controlfield>
  <controlfield tag="003">Buklod</controlfield>
  <controlfield tag="005">20090401165708.0</controlfield>
  <controlfield tag="006">a     r    |||| u|</controlfield>
  <controlfield tag="007">sd |||enn|||||</controlfield>
  <controlfield tag="008">090401s1994    xx     d|||||||||||||| | </controlfield>
  <datafield tag="035" ind1=" " ind2=" ">
   <subfield code="a">(iLib)UPD-00081497697</subfield>
  </datafield>
  <datafield tag="040" ind1=" " ind2=" ">
   <subfield code="a">OH</subfield>
   <subfield code="d">DMUS</subfield>
  </datafield>
  <datafield tag="041" ind1="1" ind2=" ">
   <subfield code="a">fil</subfield>
   <subfield code="h">eng</subfield>
  </datafield>
  <datafield tag="042" ind1=" " ind2=" ">
   <subfield code="a">DMLUC</subfield>
  </datafield>
  <datafield tag="090" ind1=" " ind2=" ">
   <subfield code="a">CD 1856</subfield>
  </datafield>
  <datafield tag="245" ind1="0" ind2="0">
   <subfield code="a">Langit</subfield>
   <subfield code="h">[soundrecording]</subfield>
   <subfield code="b">the Filipino sings of faith</subfield>
   <subfield code="c">produced by Pat S. Castillo.</subfield>
  </datafield>
  <datafield tag="264" ind1=" " ind2="1">
   <subfield code="a">Makati City</subfield>
   <subfield code="b">Bookmark Audio</subfield>
   <subfield code="c">1994.</subfield>
  </datafield>
  <datafield tag="300" ind1=" " ind2=" ">
   <subfield code="a">1 sound disc</subfield>
   <subfield code="b">digital</subfield>
   <subfield code="c">4 3/4 in.</subfield>
  </datafield>
  <datafield tag="500" ind1=" " ind2=" ">
   <subfield code="a">Program notes (18 p. : col. ill.) by Pat Castillo inserted in container.</subfield>
  </datafield>
  <datafield tag="505" ind1="0" ind2=" ">
   <subfield code="a">Pasyong mahal 1 (Pagsilang) -- Abang Maria/M. Francisco, S.J. -- Simbang-gabi/L. San Pedro -- Papuri sa Diyos/E. Hontiveros, S.J. -- Pasyong mahal 2 (Buhay) -- Tanging yaman/P. Gan, M. Francisco, S.J. -- Ama namin/M. Francisco, S.J. -- Hindi kita malilimutan/M. Francisco, S.J. -- Pasyong mahal 3 (Handog) -- Ang panginoon ang aking pastol/D. Isidro, S.J.,F. Ramirez, S.J. -- Paghahandog ng sarili/ J. Arboleda, M. Francisco, S.J. -- Sa 'yo lamang/S. Borres, S.J., P. Gan, M. Francisco, S.J. -- Pasyong mahal 4 (Alay) -- Prayer of St. Francis of Assisi -- Pananagutan/E. Hontiveros, S.J. -- Panalangin sa pagiging bukas-palad/J. Arboleda, M./Francisco, S.J.</subfield>
  </datafield>
  <datafield tag="511" ind1="1" ind2=" ">
   <subfield code="a">Ateneo de Manila College Glee Club, Joel Navarro, musical director, conductor and vocal arrangements; Ma. Rosario Elegado, assistant conductor; Rudy Lozano, guitar; Eddie Katindig, Jr., hammond organ; Beth Martin, keyboards; Babsie Molina and Moy Ortiz, vocal arrangements.</subfield>
  </datafield>
  <datafield tag="650" ind1=" " ind2="0">
   <subfield code="a">Choruses, Sacred (Mixed voices), Unaccompanied.</subfield>
  </datafield>
  <datafield tag="650" ind1=" " ind2="0">
   <subfield code="a">Choruses, Sacred (Mixed voices) with instrumental ensemble.</subfield>
  </datafield>
  <datafield tag="650" ind1=" " ind2="0">
   <subfield code="a">Sacred songs, Tagalog.</subfield>
  </datafield>
  <datafield tag="700" ind1="1" ind2=" ">
   <subfield code="a">Navarro, Joel.</subfield>
  </datafield>
  <datafield tag="700" ind1="1" ind2=" ">
   <subfield code="a">Elegado, Ma. Rosario.</subfield>
  </datafield>
  <datafield tag="700" ind1="1" ind2=" ">
   <subfield code="a">Lozano, Rudy.</subfield>
  </datafield>
  <datafield tag="700" ind1="1" ind2=" ">
   <subfield code="a">Katindig, Eddie.</subfield>
  </datafield>
  <datafield tag="700" ind1="1" ind2=" ">
   <subfield code="a">Martin, Beth.</subfield>
  </datafield>
  <datafield tag="700" ind1="1" ind2=" ">
   <subfield code="a">Molina, Babsie.</subfield>
  </datafield>
  <datafield tag="700" ind1="1" ind2=" ">
   <subfield code="a">Ortiz, Moy.</subfield>
  </datafield>
  <datafield tag="710" ind1="2" ind2=" ">
   <subfield code="a">Ateneo de Manila College Glee Club.</subfield>
  </datafield>
  <datafield tag="905" ind1=" " ind2=" ">
   <subfield code="a">FI</subfield>
  </datafield>
  <datafield tag="950" ind1=" " ind2=" ">
   <subfield code="a">Optic</subfield>
  </datafield>
  <datafield tag="852" ind1="0" ind2=" ">
   <subfield code="a">UPD</subfield>
   <subfield code="b">DMUS</subfield>
   <subfield code="h">CD 1856</subfield>
  </datafield>
  <datafield tag="942" ind1=" " ind2=" ">
   <subfield code="a">Music</subfield>
  </datafield>
 </record>
</collection>
